header

Commemorating the dead (Record no. 5462)

MARC details
000 -LEADER
fixed length control field 01473nam a2200349Ia 4500
001 - CONTROL NUMBER
control field ebr10275897
003 - CONTROL NUMBER IDENTIFIER
control field CaPaEBR
006 - FIXED-LENGTH DATA ELEMENTS--ADDITIONAL MATERIAL CHARACTERISTICS--GENERAL INFORMATION
fixed length control field m u
007 - PHYSICAL DESCRIPTION FIXED FIELD--GENERAL INFORMATION
fixed length control field cr cn|||||||||
008 - FIXED-LENGTH DATA ELEMENTS--GENERAL INFORMATION
fixed length control field 080114s2008 gw a sb 001 0 eng d
010 ## - LIBRARY OF CONGRESS CONTROL NUMBER
Canceled/invalid LC control number 2008001709
020 ## - INTERNATIONAL STANDARD BOOK NUMBER
Cancelled/invalid ISBN 3110200546
Cancelled/invalid ISBN 9783110200546
040 ## - CATALOGING SOURCE
Original cataloging agency CaPaEBR
Transcribing agency CaPaEBR
035 ## - SYSTEM CONTROL NUMBER
System control number (OCoLC)567903856
050 14 - LIBRARY OF CONGRESS CALL NUMBER
Classification number BL619.F85
Item number C66 2008eb
245 00 - TITLE STATEMENT
Title Commemorating the dead
Medium [electronic resource] :
Remainder of title texts and artifacts in context : studies of Roman, Jewish, and Christian burials /
Statement of responsibility, etc edited by Laurie Brink and Deborah Green ; with an introduction by Richard Saller.
260 ## - PUBLICATION, DISTRIBUTION, ETC. (IMPRINT)
Place of publication, distribution, etc Berlin ;
-- New York :
Name of publisher, distributor, etc Walter de Gruyter,
Date of publication, distribution, etc c2008.
300 ## - PHYSICAL DESCRIPTION
Extent xiv, 386 p. :
Other physical details ill. (some col.)
504 ## - BIBLIOGRAPHY, ETC. NOTE
Bibliography, etc Includes bibliographical references (p. [341]-378) and index.
533 ## - REPRODUCTION NOTE
Type of reproduction Electronic reproduction.
Place of reproduction Palo Alto, Calif. :
Agency responsible for reproduction ebrary,
Date of reproduction 2011.
Note about reproduction Available via World Wide Web.
-- Access may be limited to ebrary affiliated libraries.
650 #0 - SUBJECT ADDED ENTRY--TOPICAL TERM
Topical term or geographic name as entry element Burial.
Topical term or geographic name as entry element Funeral rites and ceremonies
Geographic subdivision Rome.
Topical term or geographic name as entry element Jewish funeral rites and ceremonies.
Topical term or geographic name as entry element Funeral rites and ceremonies.
Topical term or geographic name as entry element Funeral service.
655 #7 - INDEX TERM--GENRE/FORM
Genre/form data or focus term Electronic books.
Source of term local
700 1# - ADDED ENTRY--PERSONAL NAME
Personal name Brink, Laurie,
Dates associated with a name 1961-
Personal name Green, Deborah A.
710 2# - ADDED ENTRY--CORPORATE NAME
Corporate name or jurisdiction name as entry element ebrary, Inc.
856 40 - ELECTRONIC LOCATION AND ACCESS
Uniform Resource Identifier <a href="http://site.ebrary.com/lib/rucke/Doc?id=10275897">http://site.ebrary.com/lib/rucke/Doc?id=10275897</a>
Public note An electronic book accessible through the World Wide Web; click to view

No items available.

© 2026 Rongo University
Contact us: librarian | system librarian | Rongo university